000 00620nam a2200193 4500
001 113204
003 ES-MaACL
005 20230906185809.0
007 t|
008 061121s1960 sp r ||||1| spa d
100 1 _aNigst, Henry.
_985738
245 1 0 _aCirugía de los nervios periféricos /
_cHenry Nigst ; con una introducción de Rudolf Nissen ; traducción de Luis Martín Sanz.
250 _a1ª. ed.
260 _aMadrid :
_bAlhambra,
_c1960.
300 _aXII, 190 p. :
_bil. ;
_c25 cm.
700 1 _aNissen, Rudolf.
_985772
700 1 _aMartín Sanz, Luis.
_977656
852 _aES-MaACL
_jC-17935
_bR.45851
999 _c113204
_d113204